[Event "16th ORDIX Open"]
[Site "Mainz GER"]
[Date "2009.08.01"]
[Round "1"]
[White "Akopian,Vl"]
[Black "Goeke,B"]
[Result "1-0"]
[WhiteElo "2712"]
[BlackElo "2091"]
[EventDate "2009.08.01"]

1. d4 d5 2. c4 e6 3. Nc3 Nf6 4. cxd5 exd5 5. Bg5 Be7 6. e3 c6 7. Qc2 O-O 8.
Bd3 Nbd7 9. Nge2 Re8 10. O-O-O Nf8 11. h3 b6 12. g4 a5 13. Ng3 Ba6 14. Bxa6
Rxa6 15. Nf5 Bb4 16. Ne2 Ne6 17. Bh4 Ra7 18. Kb1 Rc7 19. f3 Bf8 20. e4 g6
21. e5 g5 22. Bg3 Nd7 23. h4 Bg7 24. hxg5 Nxg5 25. Bh4 f6 26. Bxg5 1-0

[Event "16th ORDIX Open"]
[Site "Mainz GER"]
[Date "2009.08.01"]
[Round "2"]
[White "Jossien,R"]
[Black "Gashimov,V"]
[Result "0-1"]
[WhiteElo "2264"]
[BlackElo "2740"]
[EventDate "2009.08.01"]

1. e4 c5 2. Nf3 d6 3. d3 Nc6 4. g3 g6 5. Bg2 Bg7 6. O-O Nf6 7. c3 Bg4 8.
Nbd2 Qd7 9. Re1 O-O 10. Nf1 d5 11. Qe2 d4 12. c4 Ne8 13. h4 e5 14. N1h2 Bh5
15. Qf1 Nd6 16. Bh3 f5 17. a3 h6 18. Rb1 a5 19. Qg2 Qf7 20. Nd2 Qe7 21. f3
fxe4 22. Nxe4 Nxe4 23. fxe4 g5 24. hxg5 hxg5 25. Bf5 Kf7 26. Bd2 Ke8 27.
Nf3 Bf6 28. Qh3 Bxf3 29. g4 Bxg4 30. Qxg4 Kd8 31. Kg2 Kc7 32. Rh1 Rh8 33.
Rxh8 Rxh8 34. Rh1 Rxh1 35. Kxh1 a4 36. Kg2 Nd8 37. Kg3 Nf7 38. Qh5 Nd6 39.
Kg4 b5 40. cxb5 Kb6 41. Bxg5 Bxg5 42. Qxg5 Qxg5+ 43. Kxg5 c4 44. dxc4 d3
45. Kf6 Nxf5 46. exf5 d2 47. Kxe5 d1=Q 48. f6 Qe2+ 49. Kd6 Qxb2 0-1

[Event "16th ORDIX Open"]
[Site "Mainz GER"]
[Date "2009.08.01"]
[Round "2"]
[White "Stephan,Ax"]
[Black "Akopian,Vl"]
[Result "0-1"]
[WhiteElo "2257"]
[BlackElo "2712"]
[EventDate "2009.08.01"]

1. e4 e6 2. d3 d5 3. Nd2 Nf6 4. Ngf3 b6 5. e5 Nfd7 6. d4 c5 7. c3 Be7 8.
Bd3 Ba6 9. Bxa6 Nxa6 10. O-O b5 11. dxc5 Naxc5 12. Nb3 Ne4 13. Qe2 O-O 14.
Qxb5 Qc7 15. Qa5 Qb7 16. h3 Rfc8 17. Nbd4 Rc4 18. Qb5 Qc7 19. Qb3 Rb8 20.
Qd1 Nxe5 21. Qe2 Nxf3+ 22. Qxf3 Bf6 23. Ne2 Qa5 24. Nf4 Qb5 25. Rd1 a5 26.
Nd3 Nc5 27. Nxc5 Qxc5 28. a3 a4 29. Qd3 Rb3 30. Qe2 Qb5 31. Ra2 g6 32. Be3
h5 33. g3 e5 34. h4 Bg7 35. Qd2 d4 36. cxd4 exd4 37. Bg5 Qf5 38. Rc1 Rxc1+
39. Qxc1 d3 40. Qd2 Bd4 41. Kg2 Rb6 42. Kg1 Rc6 0-1

[Event "16th ORDIX Open"]
[Site "Mainz GER"]
[Date "2009.08.01"]
[Round "2"]
[White "Schloetzer,W"]
[Black "Navara,D"]
[Result "0-1"]
[WhiteElo "2256"]
[BlackElo "2687"]
[EventDate "2009.08.01"]

1. d4 Nf6 2. c4 e6 3. Nc3 Bb4 4. Qb3 a5 5. a3 Bxc3+ 6. Qxc3 a4 7. g3 Nc6 8.
Bg2 Na5 9. Bg5 h6 10. Bxf6 Qxf6 11. Nf3 O-O 12. O-O d6 13. Rad1 Re8 14. c5
Bd7 15. Qb4 Qe7 16. Nd2 Bc6 17. Ne4 d5 18. Nc3 Qd7 19. e4 dxe4 20. Bxe4
Bxe4 21. Nxe4 Nc6 22. Qc4 Red8 23. Rd2 Nxd4 24. Kg2 e5 25. f3 Qc6 26. Nc3
b5 0-1

[Event "16th ORDIX Open"]
[Site "Mainz GER"]
[Date "2009.08.01"]
[Round "3"]
[White "Akopian,Vl"]
[Black "Donchenko,An"]
[Result "1/2-1/2"]
[WhiteElo "2712"]
[BlackElo "2381"]
[EventDate "2009.08.01"]

1. e4 c5 2. Nf3 e6 3. d4 cxd4 4. Nxd4 Nf6 5. Nc3 d6 6. g4 h6 7. h4 Nc6 8.
Rg1 d5 9. Bb5 Bd7 10. exd5 Nxd5 11. Nxd5 exd5 12. Be3 Be7 13. Qf3 Nxd4 14.
Bxd7+ Qxd7 15. Bxd4 Qe6+ 16. Kd2 O-O 17. Rae1 Qd7 18. g5 h5 19. Qxh5 Qa4
20. Rg4 Rac8 21. c3 Qxa2 22. Kc2 Ba3 23. Rb1 Rc6 24. g6 fxg6 25. Qe5 Rf7
26. h5 Rcf6 27. Qe8+ Rf8 28. Qe2 gxh5 29. Rxg7+ Kxg7 30. Qxh5 R8f7 31. Qg5+
Kf8 32. Bxf6 Be7 33. Bxe7+ Rxe7 34. Qf4+ Ke8 35. Qb8+ Kf7 36. Qf4+ Ke8 37.
Rg1 Re2+ 38. Kd3 Qa6+ 39. c4 Re7 40. Rg8+ Kd7 41. Qg4+ Qe6 42. cxd5 Qxg4
43. Rxg4 Kd6 44. Kd4 Re2 45. Rg6+ Kc7 46. f4 Rxb2 47. f5 a5 48. f6 Rf2 49.
Ke5 Re2+ 50. Kf5 Rf2+ 51. Ke6 Re2+ 52. Kf7 Kd6 53. Kg7 Kxd5 54. Rg5+ Kc4
55. Rxa5 b5 56. Ra1 Rg2+ 57. Kh6 Rf2 58. Kg6 b4 59. Rc1+ Kd3 60. f7 1/2-1/2

[Event "16th ORDIX Open"]
[Site "Mainz GER"]
[Date "2009.08.01"]
[Round "3"]
[White "Navara,D"]
[Black "Schaefer,Mi1"]
[Result "1-0"]
[WhiteElo "2687"]
[BlackElo "2157"]
[EventDate "2009.08.01"]

1. e4 e6 2. d4 d5 3. Nd2 Nf6 4. e5 Nfd7 5. c3 c5 6. Bd3 Nc6 7. Ne2 cxd4 8.
cxd4 f6 9. exf6 Nxf6 10. O-O Bd6 11. Nf3 Qc7 12. Bg5 O-O 13. Rc1 Ng4 14.
Ng3 Qb6 15. Bd2 e5 16. dxe5 Ncxe5 17. Nxe5 Bxe5 18. Rxc8 Nxf2 19. Qe2 Raxc8
20. Be3 Qxb2 21. Qxb2 Bxb2 22. Bxf2 b6 23. Nf5 Ba3 24. Bd4 Rf7 25. Re1 Rc1
26. Rxc1 Bxc1 27. Nd6 Rd7 28. Nb5 g6 29. Be2 a6 30. Bg4 Re7 31. Nc3 Bb2 32.
Bf3 Kf8 33. Kf2 Rc7 34. Ne2 Bxd4+ 35. Nxd4 Rd7 36. Ke3 Ke7 37. Ne2 Kd6 38.
Kd4 b5 39. Nc3 b4 40. Nxd5 a5 41. Nb6 Rd8 42. Nc4+ Ke7+ 43. Kc5 Rd3 44.
Nxa5 Kf6 45. Kxb4 h5 46. a4 h4 47. h3 g5 48. Nc4 Kf5 49. a5 Kf4 50. a6 Rd7
51. Bb7 Rd8 52. a7 g4 53. hxg4 Kxg4 54. Nb6 1-0

[Event "16th ORDIX Open"]
[Site "Mainz GER"]
[Date "2009.08.01"]
[Round "4"]
[White "Brkic,A"]
[Black "Gashimov,V"]
[Result "1/2-1/2"]
[WhiteElo "2544"]
[BlackElo "2740"]
[EventDate "2009.08.01"]

1. e4 c5 2. Nf3 d6 3. d4 cxd4 4. Qxd4 a6 5. Be3 Nc6 6. Qd2 Bg4 7. Nc3 e6 8.
O-O-O Nf6 9. h3 Bh5 10. Qe1 Qa5 11. g4 Bg6 12. Nd2 h5 13. Nc4 Qc7 14. Bb6
Qb8 15. f4 Nd7 16. f5 Bh7 17. g5 Nce5 18. Nxe5 dxe5 19. Rxd7 Kxd7 20. Nb5
Bd6 21. fxe6+ fxe6 22. Nxd6 Qxd6 23. Qe3 Rac8 24. Bb5+ axb5 25. Rd1 Rc4 26.
Rxd6+ Kxd6 27. b3 Rc6 28. Ba5 Ke7 29. g6 Bxg6 30. Qg5+ Kf7 31. Qxe5 Rhc8
32. c3 Kg8 33. Bb4 R8c7 34. Kd2 Be8 35. Ke3 Rc8 36. h4 Ra6 37. a3 Rac6 38.
Kf4 Kh7 39. Ke3 Kg8 40. Kf4 Kh7 41. Kf3 Kg8 42. Ke3 Kh7 43. Kf4 R8c7 44.
Ke3 Rc8 45. Qg5 R8c7 46. Qe5 1/2-1/2

[Event "16th ORDIX Open"]
[Site "Mainz GER"]
[Date "2009.08.01"]
[Round "4"]
[White "Fontaine,R"]
[Black "Bacrot,E"]
[Result "1/2-1/2"]
[WhiteElo "2540"]
[BlackElo "2721"]
[EventDate "2009.08.01"]

1. e4 c5 2. Nf3 Nc6 3. Bb5 g6 4. O-O Bg7 5. Re1 Nf6 6. Bxc6 bxc6 7. Nc3 O-O
8. d3 d6 9. h3 e5 10. a3 a5 11. Bg5 h6 12. Bd2 Nh5 13. Nh2 Nf4 14. Ne2 Ne6
15. b4 axb4 16. axb4 Rxa1 17. Qxa1 cxb4 18. Bxb4 f5 19. exf5 gxf5 20. Qa5
Qxa5 21. Bxa5 Bd7 22. Rb1 Ra8 23. Bc3 d5 24. Rb7 Nc5 25. Rc7 Ra4 26. Ng3 d4
27. Bd2 Bf6 28. Nf3 Bd8 29. Rxd7 Nxd7 30. Nxf5 Ra1+ 31. Kh2 h5 32. g4 hxg4
33. hxg4 Ra2 34. Ne1 Ba5 35. Bxa5 Rxa5 36. Kg2 Kf7 37. f4 c5 38. Nd6+ Ke7
39. Nc4 Ra1 40. Kf2 exf4 41. Ng2 Ra2 42. Nxf4 Rxc2+ 43. Kf3 Rc1 44. g5 Rg1
45. Nh3 Re1 46. Nf4 Kf7 47. Kf2 Ra1 48. Nd6+ Kg8 49. g6 Ne5 50. Ne4 Ra2+
51. Kg3 Ra5 52. Kh4 Kg7 53. Kg5 Nxg6 54. Ne6+ Kf7 55. N6xc5 Nf8 56. Kg4 Ke7
57. Kf3 Ne6 58. Nb3 Rf5+ 59. Ke2 Rb5 60. Ned2 Kd6 61. Nc4+ Kd5 62. Nc1 Rb8
63. Kd2 Nf4 64. Kc2 Rh8 65. Nb6+ Kc6 66. Nc4 Ne6 67. Nd2 Rh2 68. Kd1 Kd5
69. Ne2 Rf2 70. Ne4 Rf8 71. Nd2 Nf4 72. Nc1 Rh8 73. Kc2 Rc8+ 74. Kd1 Rc7
75. Nb1 Ng2 76. Nb3 Ne3+ 77. Ke2 Re7 78. N1d2 Nc4+ 79. Ne4 Nd6 80. Nbd2
Nxe4 81. dxe4+ Kc5 82. Kd3 Rb7 83. Kc2 Rb8 84. Nb3+ Kc4 85. Nd2+ Kb4 86.
Kd3 Kc5 87. Kc2 Rb6 88. Nb3+ Kc4 89. Nd2+ Kb4 90. Kd3 Rd6 91. e5 Rd8 92.
Ne4 Kb5 93. Nd6+ 1/2-1/2

[Event "16th ORDIX Open"]
[Site "Mainz GER"]
[Date "2009.08.01"]
[Round "5"]
[White "Gharamian,T"]
[Black "Movsesian,S"]
[Result "1/2-1/2"]
[WhiteElo "2615"]
[BlackElo "2716"]
[EventDate "2009.08.01"]

1. e4 d6 2. d4 Nf6 3. Nc3 e5 4. dxe5 dxe5 5. Qxd8+ Kxd8 6. Bg5 Be6 7.
O-O-O+ Nbd7 8. f4 exf4 9. Nf3 h6 10. Bxf4 Nh5 11. Be3 Nhf6 12. Bf4 Nh5 13.
Be3 Nhf6 1/2-1/2

[Event "16th ORDIX Open"]
[Site "Mainz GER"]
[Date "2009.08.01"]
[Round "5"]
[White "Sargissian,G"]
[Black "Siebrecht,S"]
[Result "1-0"]
[WhiteElo "2667"]
[BlackElo "2458"]
[EventDate "2009.08.01"]

1. d4 g6 2. e4 Bg7 3. Nf3 d6 4. c3 Nf6 5. Bd3 O-O 6. O-O Nc6 7. Re1 e5 8.
Na3 a6 9. Nc2 Bd7 10. Bg5 h6 11. Bh4 Qe8 12. Ne3 Nh5 13. Nd5 Rc8 14. dxe5
dxe5 15. Qb3 Nf4 16. Bf1 g5 17. Bg3 Nd8 18. Qb4 c5 19. Qb6 Bc6 20. Qxc5
Nxd5 21. exd5 Bd7 22. Qb4 f6 23. c4 Rf7 24. c5 Bf8 25. Rac1 Bf5 26. Qb6 Kh8
27. b4 Bg7 28. Bc4 Rfc7 29. Nd4 Qg6 30. Nxf5 Qxf5 31. Rcd1 Bf8 32. Bd3 Qd7
33. Be4 Qf7 34. Bf5 Ra8 35. Rxe5 a5 36. Re8 Qxe8 37. Qxc7 Bg7 38. bxa5 Nf7
39. Rf1 Ne5 40. Bxe5 fxe5 41. Qxb7 Rxa5 42. c6 1-0

[Event "16th ORDIX Open"]
[Site "Mainz GER"]
[Date "2009.08.02"]
[Round "6"]
[White "Meier,Geo"]
[Black "Navara,D"]
[Result "1/2-1/2"]
[WhiteElo "2658"]
[BlackElo "2687"]
[EventDate "2009.08.01"]

1. e4 e6 2. d4 d5 3. Nd2 Nf6 4. e5 Nfd7 5. c3 c5 6. Bd3 Nc6 7. Ne2 cxd4 8.
cxd4 f6 9. exf6 Nxf6 10. Nf3 Bd6 11. O-O Qc7 12. g3 O-O 13. Bf4 Ng4 14.
Bxd6 Qxd6 15. Nc3 e5 16. dxe5 Qh6 17. h4 Ngxe5 18. Nxe5 Nxe5 19. Be2 Be6
20. Nb5 Rad8 21. Nd4 Bh3 22. Re1 Qf6 23. f4 Nc6 24. Nxc6 bxc6 25. Qd2 Bf5
26. Bf3 Be4 27. Bxe4 dxe4 28. Qg2 Qd4+ 29. Qf2 Rfe8 30. Qxd4 Rxd4 31. Kf2
e3+ 32. Rxe3 Rd2+ 33. Kf3 Rxe3+ 34. Kxe3 Rxb2 35. Rc1 1/2-1/2

[Event "16th ORDIX Open"]
[Site "Mainz GER"]
[Date "2009.08.02"]
[Round "6"]
[White "Sokolov,Iv"]
[Black "Gashimov,V"]
[Result "1-0"]
[WhiteElo "2655"]
[BlackElo "2740"]
[EventDate "2009.08.01"]

1. d4 Nf6 2. c4 e6 3. Nf3 c5 4. d5 d6 5. Nc3 exd5 6. cxd5 g6 7. h3 Bg7 8.
Bf4 O-O 9. e3 Re8 10. Nd2 Nbd7 11. Be2 Ne5 12. O-O a6 13. a4 Rb8 14. e4
Nfd7 15. Bh2 g5 16. f4 gxf4 17. Bxf4 Nf8 18. Rf2 Nfg6 19. Be3 Bd7 20. a5 b5
21. axb6 Rxb6 22. Qc2 Qh4 23. Nf1 Reb8 24. Qc1 Rxb2 25. Rxa6 Bh6 26. Bxh6
Nd3 27. Qe3 Nxf2 28. Bg5 Nxh3+ 29. gxh3 Qxh3 30. Rxd6 Rc2 31. Bf6 Qxe3+ 32.
Nxe3 Rc1+ 33. Kf2 Be8 34. Ra6 Rh1 35. Bf3 Rc1 36. d6 h6 37. Ncd5 Kh7 38.
Ra7 Nf8 39. Re7 Ra8 40. e5 Ng6 41. Be4 1-0

[Event "16th ORDIX Open"]
[Site "Mainz GER"]
[Date "2009.08.02"]
[Round "6"]
[White "Buhmann,R"]
[Black "Akopian,Vl"]
[Result "0-1"]
[WhiteElo "2603"]
[BlackElo "2712"]
[EventDate "2009.08.01"]

1. Nf3 d5 2. d4 Nf6 3. c4 c6 4. Nc3 dxc4 5. e4 b5 6. e5 Nd5 7. a4 e6 8. Ng5
Be7 9. h4 h6 10. Nge4 b4 11. Nb1 Ba6 12. Nbd2 c3 13. Nc4 Bxc4 14. Bxc4 cxb2
15. Bxb2 a5 16. Qg4 g6 17. Rc1 h5 18. Qf3 Nd7 19. g3 Rc8 20. Ba6 Rc7 21.
Nd6+ Bxd6 22. exd6 Ra7 23. Rxc6 O-O 24. Bb5 Nb8 25. Rc5 Qxd6 26. g4 hxg4
27. Qxg4 Nd7 28. h5 Qf4 29. Qxf4 Nxf4 30. hxg6 Nxc5 31. gxf7+ Raxf7 32.
dxc5 Ng2+ 33. Kd1 Rxf2 34. Kc1 b3 35. c6 Ne3 36. Rh3 Rc2+ 37. Kb1 Nc4 38.
Rg3+ Kh7 39. Rxb3 Rxb2+ 40. Rxb2 Nxb2 41. Kxb2 Kg6 42. Kc3 Kf6 43. Ba6 Ke7
44. Kc4 Kd6 45. Kb5 Kc7 46. Kxa5 Ra8 0-1

[Event "16th ORDIX Open"]
[Site "Mainz GER"]
[Date "2009.08.02"]
[Round "7"]
[White "Moiseenko,A1"]
[Black "Shomoev,A"]
[Result "1/2-1/2"]
[WhiteElo "2682"]
[BlackElo "2580"]
[EventDate "2009.08.01"]

1. d4 Nf6 2. c4 g6 3. Nc3 Bg7 4. e4 d6 5. Bd3 O-O 6. Nge2 Nc6 7. O-O Nd7 8.
Be3 e5 9. d5 Nd4 10. Rc1 c5 11. dxc6 bxc6 12. b4 Re8 13. Qd2 Nf8 14. b5 c5
15. Nd5 Nfe6 16. Rb1 Rf8 17. Bh6 Qh4 18. Bxg7 Kxg7 19. f4 Nxe2+ 20. Bxe2
exf4 21. Nxf4 Nd4 22. Bd3 Bb7 23. Ne2 Nxe2+ 24. Qxe2 Rae8 25. Rbe1 Re5 26.
Qd2 Rfe8 27. Rf4 Qg5 28. Ref1 f5 29. h4 Qf6 30. exf5 gxf5 31. Rxf5 Rxf5 32.
Bxf5 Rf8 33. Qg5+ Qxg5 34. hxg5 d5 35. Be6 Rxf1+ 36. Kxf1 dxc4 37. Bxc4 Kg6
38. Bd3+ Kxg5 39. Bxh7 Bd5 40. Kf2 Bxa2 41. Ke3 Bd5 42. Be4 Bc4 43. Bc6 Bf1
44. Kf2 Bd3 45. Ke3 Bf1 46. Kf2 Bd3 1/2-1/2

[Event "16th ORDIX Open"]
[Site "Mainz GER"]
[Date "2009.08.02"]
[Round "8"]
[White "Zvjaginsev,V"]
[Black "Akopian,Vl"]
[Result "0-1"]
[WhiteElo "2635"]
[BlackElo "2712"]
[EventDate "2009.08.01"]

1. e4 e5 2. f4 exf4 3. Nf3 d6 4. d4 g5 5. g3 g4 6. Nh4 f3 7. Nc3 Nc6 8. Be3
Be7 9. Qd2 h6 10. Bc4 Bg5 11. O-O Bxe3+ 12. Qxe3 Qg5 13. Qf2 Nge7 14. Nb5
Kd8 15. Rad1 a6 16. Na3 f5 17. Bd3 fxe4 18. Bxe4 d5 19. Bd3 Bf5 20. c4 Bxd3
21. Rxd3 Kd7 22. Rb3 b6 23. cxd5 Nxd5 24. Nxf3 gxf3 25. Rxf3 Nce7 26. Nc4
Kc8 27. Ne5 Rg8 28. Qg2 Kb7 29. h4 Qh5 30. Rf5 Qxh4 0-1

[Event "16th ORDIX Open"]
[Site "Mainz GER"]
[Date "2009.08.02"]
[Round "8"]
[White "Grachev,B"]
[Black "Panzalovic,S"]
[Result "1-0"]
[WhiteElo "2669"]
[BlackElo "2475"]
[EventDate "2009.08.01"]

1. d4 Nf6 2. Nf3 g6 3. Bf4 Bg7 4. e3 O-O 5. Be2 c5 6. c3 d6 7. h3 Qb6 8.
Qb3 Be6 9. Qxb6 axb6 10. a3 Nc6 11. Nbd2 h6 12. O-O Na5 13. Rfe1 Rfc8 14.
Bf1 Nb3 15. Nxb3 Bxb3 16. e4 cxd4 17. Nxd4 Bc4 18. e5 Nd5 19. Bg3 Bxf1 20.
Kxf1 dxe5 21. Bxe5 Bf8 22. g4 f6 23. Bg3 e5 24. Nb5 Rc5 25. a4 Nc7 26. Nxc7
Rxc7 27. Re4 b5 28. Ke2 Rxa4 29. Rexa4 bxa4 30. Rxa4 b5 31. Ra6 Kf7 32. Kd3
b4 33. c4 Bc5 34. Kc2 Bd4 35. Kb3 Re7 36. f3 e4 37. Rd6 Bc5 38. Rd5 exf3
39. Rxc5 Re2 40. Rd5 f2 41. Bxf2 Rxf2 42. c5 Rg2 1-0

[Event "16th ORDIX Open"]
[Site "Mainz GER"]
[Date "2009.08.02"]
[Round "9"]
[White "Gashimov,V"]
[Black "Fridman,D2"]
[Result "1-0"]
[WhiteElo "2740"]
[BlackElo "2665"]
[EventDate "2009.08.01"]

1. e4 e5 2. Nf3 Nf6 3. d4 Nxe4 4. dxe5 d5 5. Nbd2 Nxd2 6. Bxd2 c5 7. Bg5
Qa5+ 8. c3 Be6 9. Bd3 Nc6 10. O-O h6 11. Bd2 Qc7 12. Re1 g5 13. b4 c4 14.
Bc2 Bg7 15. Ba4 O-O 16. Bxc6 bxc6 17. h3 a5 18. a3 axb4 19. cxb4 Ra6 20.
Qc1 c5 21. bxc5 Qxc5 22. Bb4 Qa7 23. Qd2 Rb8 24. Qc3 Bf8 25. h4 gxh4 26.
Bxf8 Kxf8 27. Nd4 Qe7 28. f4 Bg4 29. e6 fxe6 30. Re5 Rba8 31. f5 Rxa3 32.
Rxa3 Rxa3 33. Qc1 Kg8 34. Rxe6 Qa7 35. Qf4 Bxf5 36. Re8+ Kf7 37. Re5 Rd3
38. Rxf5+ Kg7 39. Rxd5 Qf7 40. Nf5+ 1-0

[Event "16th ORDIX Open"]
[Site "Mainz GER"]
[Date "2009.08.02"]
[Round "9"]
[White "Navara,D"]
[Black "Stevic,H"]
[Result "1-0"]
[WhiteElo "2687"]
[BlackElo "2624"]
[EventDate "2009.08.01"]

1. e4 e5 2. Nf3 Nc6 3. Bb5 a6 4. Ba4 Nf6 5. O-O Be7 6. Re1 b5 7. Bb3 d6 8.
c3 O-O 9. h3 Na5 10. Bc2 d5 11. exd5 e4 12. Bxe4 Nxe4 13. Rxe4 Bb7 14. d3
Bxd5 15. Re1 c5 16. Bf4 Re8 17. Nbd2 Qd7 18. Ne5 Qb7 19. Qg4 f6 20. c4 h5
21. Qg6 bxc4 22. dxc4 Be6 23. Ne4 Kf8 24. Ng5 Qc8 25. Nh7+ Kg8 26. Bh6 1-0

[Event "16th ORDIX Open"]
[Site "Mainz GER"]
[Date "2009.08.02"]
[Round "11"]
[White "Navara,D"]
[Black "Guliyev,N"]
[Result "0-1"]
[WhiteElo "2687"]
[BlackElo "2555"]
[EventDate "2009.08.01"]

1. d4 d5 2. c4 dxc4 3. Nf3 Nf6 4. e3 e6 5. Bxc4 a6 6. Bb3 c5 7. O-O b6 8.
Nc3 Bb7 9. Qe2 Nbd7 10. Rd1 Qc7 11. d5 Nxd5 12. Nxd5 Bxd5 13. Bxd5 exd5 14.
Rxd5 Be7 15. b3 O-O 16. Bb2 b5 17. Qc2 Rfd8 18. Ng5 Nf8 19. Qf5 Bxg5 20.
Qxg5 Ne6 21. Qf5 Rxd5 22. Qxd5 Rd8 23. Qe4 Qd7 24. h4 Qd3 25. Qe5 h6 26.
Rc1 Rd5 27. Qb8+ Kh7 28. Qb7 Qd2 29. Rf1 Rd7 30. Qe4+ Kg8 31. Qe5 Qe2 32.
Qb8+ Rd8 33. Qe5 b4 34. g3 Rd2 35. Ba1 Rxa2 36. Qb8+ Kh7 37. Qb7 Qh5 38.
Qe4+ Qg6 39. Qd5 a5 40. Qf3 h5 41. Rd1 a4 42. bxa4 Qg4 43. Qd5 Rxa4 44. Kg2
c4 45. Be5 c3 46. Rb1 Qg6 47. e4 Ra5 48. Qxa5 Qxe4+ 49. Kh2 Qxb1 50. Bd6 c2
51. Qf5+ Kg8 0-1